Hypixel Pit Pres 35 - Statistics

General Stats
  • This quiz has been taken 7 times
  • The average score is 8 of 71
Answer Stats
Hint Answer % Correct
7 MajorEvent
67%
10 MinorEvent
67%
1 J3ssica
50%
37 Bubbleh
33%
20 enterusername
33%
35 hazelis
33%
49 OTDX
33%
28 QUINNALMFJFASKD
33%
14 Yhellow
33%
17 B1ggieCheese
17%
51 BlackFireFlame03
17%
58 E_pot
17%
16 GodTierPvper
17%
43 Grizloy
17%
66 Gyez
17%
52 IproGodOMG
17%
57 IstarkOMG
17%
60 IWalidOMG
17%
26 MarcuzFire
17%
55 Memorization
17%
67 Nightloot
17%
9 oklmao_
17%
30 OrginGamez
17%
2 OWENALMFJFASKD
17%
12 Panis
17%
4 plask
17%
41 RealPogger_
17%
8 SrDeadDash_
17%
61 sweetkitty04142
17%
24 Tyler_P13
17%
6 uwuy
17%
54 xXLandRunnerXx
17%
45 Yuujuni
17%
23 1nstantDeath
0%
34 47n
0%
63 Andrecksx
0%
25 BibloButton68
0%
32 Chilrax
0%
69 Cobra53
0%
22 Cpl_horatius
0%
13 Cramctq
0%
21 Destroy1229
0%
50 DomoZz
0%
3 Emirichuwu
0%
40 FEARTHEMAFIA
0%
39 Foouzer
0%
62 GodHack
0%
70 IleapsOMG
0%
33 ImJustAFish
0%
46 KindEinesTeufels
0%
53 KITTYGIRLKAL
0%
47 LegittLorphelin
0%
31 LethaIemon
0%
42 MasterDiets
0%
59 mayorstalkingtoy
0%
71 meiip
0%
56 Mxrcuss
0%
19 NatsukaC4
0%
11 oKymp
0%
38 OnlySkelett
0%
18 OnlySpooky
0%
65 Oxymore1337
0%
15 oYunalyn
0%
29 Pulsedfire
0%
64 RipPlay
0%
44 Saito
0%
36 SirDeaqdly
0%
5 SonoftheDevil
0%
27 SWEATINGGG
0%
48 Tyska22
0%
68 xBlazeee_
0%
No matching quizzes found
Score Distribution
Percent of People with Each Score
Percentile by Number Answered
Your Score History
You have not taken this quiz